02008nam a2200253 i 4500003000900000005001700009007000300026008004100029040003000070082001300100245009900113264003700212300006000249336002700309337003400336338002800370500006000398500007100458508036600529508006100895511011600956518006701072520061501139DO-SdBNP20240325115414.0ta240325s2019 dr ao 000 j spa d aDO-SdBNPbspacBNPHUerda bG46422200aGilbert héroe de dos pueblos :bdocumental /cproducción Euri Cabral, Zinayda Rodríguez  1aSanto Domingo :bIanna,c[2019]. a[36] páginas, bilustraciones, fotografíasc28 cm. 2rdacontentatextobtxt 2rdamediaasin mediación bn 2rdacarrieravolumenbnc aFicha técnica de los productores, actores y demás.  aLargometraje documental, con una duración de 1 hora y 33 minutos aProducción general, Euri Cabral, Zinayda Rodríguez ; producción asociada, Néstor Espinosa, Karen Llanes ; asistente dirección, Elvira Almonte ; Música original, Janina Rosado ; director de fotografía, Julio Frías ; luces, Enmanuel Ferry ; dirección técnica, Saulo Constanzo ; Investigación Margarita Jiménez ; Narración, Miguel Susana. aEmpresas productoras: Señales TV y Bellaju Productions aActores principales, Teo Terrero, Ramón E. Candelario, Manuel Chapuseaux, Víctor Checo y Moisés Vincent.  aPaíses de producción: República Dominicana y Nicaragua.  a¨Gilbert, héroe de dos pueblos¨ es un documental dramatizado, que narra la vida y las acciones de este héroe dominicano y nicaragüense. Teniendo solo 17 años, enfrentó las tropas norteamericanas invasoras de la República Dominicana en 1916; luego, se fue a combatir la invasión norteamericana a Nicaragua, junto con el General de Hombres Libres, Augusto César Sandino. Siendo un anciano y con limitaciones de salud, junto al coronel Francisco Alberto Caamaño Deño y el movimiento constitucionalista, nuevamente enfrentó las tropas invasoras que mancillaron la patria dominicana en 1965.